000 00609cam a22002171 4500
001 gs 11000376
003 DLC
005 20260227111311.0
008 811204s1890 bl 000 0 por
010 _ags 11000376
035 _a(OCoLC)29095725
040 _aDLC
_cMnU
_dDLC
042 _apremarc
043 _as-bl---
050 0 0 _aTN42.S3
_bA3 no. 5
100 1 _aLöfgren, Alberto,
_d1854-1918.
245 1 0 _aContribuições para a botanica paulista.
260 _aS. Paulo,
_bL. King Bookwalter, typographia King,
_c1890.
300 _a51 p.
_c23 cm.
650 0 _aBotany
_zBrazil
_zSão Paulo (State)
999 _c25050
_d25050